Spirituális turizmus átalakulása a Covid hatására

Bibliográfiai részletek
Szerző: Juhász Emese
További közreműködők: Szalók Dr. Zsófia Csilla
Dokumentumtípus: Diplomadolgozat
Kulcsszavak:elvonulás
jóga
önismeret
spirituális turizmus
Testi-lelki-szellemi egyensúly
Online Access:http://dolgozattar.uni-bge.hu/59621

MARC

LEADER 00000nta a2200000 i 4500
001 dolg59621
005 20260409145321.0
008 260409suuuu hu om 000 hun d
040 |a BGE Dolgozattár Repozitórium  |b hun 
041 |a hu 
100 1 |a Juhász Emese 
245 1 0 |a Spirituális turizmus átalakulása a Covid hatására  |c Juhász Emese  |h [elektronikus dokumentum] 
520 3 |a A dolgozatban bemutatott kutatás célja a spirituális turizmus megismerése és a turisták motivációinak megértése volt, különösen a Covid-19 járvány hatásaira fókuszálva. Arra is kerestem a választ, hogy milyen hatással volt a járvány a népesség mentális egészségére és hogy vajon ez párhuzamba hozható-e a spirituális utazások iránti kereslettel. A spirituális turizmus koncepciójának megértéséhez meg kell vizsgálnunk a vallási turizmus és az egészségturizmus keretein belül, hogy megértsük miért állnak egymáshoz közel és egyben lássuk, hogy miben különböznek, ami miatt a spirituális turizmus egyedi turizmusformát képvisel. 
695 |a elvonulás 
695 |a jóga 
695 |a önismeret 
695 |a spirituális turizmus 
695 |a Testi-lelki-szellemi egyensúly 
700 1 |a Szalók Dr. Zsófia Csilla  |e ths 
856 4 0 |u http://dolgozattar.uni-bge.hu/59621/1/Spiritu%C3%A1lis%20turizmus%20%C3%A1talakul%C3%A1sa%20a%20Covid%20hat%C3%A1s%C3%A1ra_Juh%C3%A1sz%20Emese_%20KS7KPF.pdf  |z Dokumentum-elérés 
856 4 0 |u http://dolgozattar.uni-bge.hu/59621/2/3%20JUH%C3%81SZ%20EMESE.pdf  |z Dokumentum-elérés 
856 4 0 |u http://dolgozattar.uni-bge.hu/59621/3/Juh%C3%A1sz%20Emese_konzulensi%20b%C3%ADr%C3%A1lat_Szal%C3%B3k%20Csilla.pdf  |z Dokumentum-elérés